Natural-resource depletion, habit formation, and sustainable fiscal policy lessons from Gabon /

Bibliographic Details
Main Author: Leigh, Daniel.
Corporate Author: ProQuest (Firm)
Other Authors: Olters, Jan-Peter.
Format: Electronic eBook
Language:English
Published: [Washington, D.C.] : International Monetary Fund, 2006.
Series:IMF working paper ; WP/06/193.
Subjects:
Online Access:Click to View
LEADER 01361nam a2200349Ia 4500
001 EBC3014349
003 MiAaPQ
005 20200520144314.0
006 m o d |
007 cr cn|||||||||
008 061003s2006 dcu sb i000 0 eng d
035 |a (MiAaPQ)EBC3014349 
035 |a (Au-PeEL)EBL3014349 
035 |a (CaPaEBR)ebr10380714 
035 |a (OCoLC)712989248 
040 |a MiAaPQ  |c MiAaPQ  |d MiAaPQ 
050 4 |a HJ1485  |b .L45 2006 
100 1 |a Leigh, Daniel. 
245 1 0 |a Natural-resource depletion, habit formation, and sustainable fiscal policy  |h [electronic resource] :  |b lessons from Gabon /  |c prepared by Daniel Leigh and Jan-Peter Olters. 
260 |a [Washington, D.C.] :  |b International Monetary Fund,  |c 2006. 
300 |a 28 p. 
490 1 |a IMF working paper ;  |v WP/06/193 
500 |a "August 2006." 
504 |a Includes bibliographical references. 
533 |a Electronic reproduction. Ann Arbor, MI : ProQuest, 2015. Available via World Wide Web. Access may be limited to ProQuest affiliated libraries. 
650 0 |a Natural resources  |z Gabon. 
650 0 |a Fiscal policy  |z Gabon. 
655 4 |a Electronic books. 
700 1 |a Olters, Jan-Peter. 
710 2 |a ProQuest (Firm) 
830 0 |a IMF working paper ;  |v WP/06/193. 
856 4 0 |u https://ebookcentral.proquest.com/lib/matrademy/detail.action?docID=3014349  |z Click to View